000 00686nam a2200205 a 4500
003 AM-YEHGA
001 1373112
005 20250617164239.0
008 180613s1962 ru a||||r|||||000|0|rus||
040 _aAM-YeHGA
041 0 _arus
100 1 _aИсаков, П.А.
_eсост.
_4com
245 1 0 _aМуром :
_bИсторико-экономический очерк /
_cСост.: П.А. Исаков, Д.П. Пудков.
260 _aВладимир :
_bКн. изд-во,
_c1962.
300 _a123 с. :
_bил. ;
_c20 см.
650 1 4 _aИстория России
700 1 _aПудков, Д.П.
_eсост., ред.
_4com
_4edt
942 _2udc
_cBK
090 _c523913
999 _c520342
_d520342